[Event "St Martin op"]
[Site "St Martin"]
[Date "1991.??.??"]
[Round "1"]
[White "Rausis, Igors"]
[Black "Goria, L."]
[Result "1-0"]
[WhiteElo "2440"]
[BlackElo "1895"]
[PlyCount "79"]
[EventDate "1991.??.??"]
[EventType "swiss"]
[EventRounds "9"]
[EventCountry "FRA"]
[SourceTitle "EXT 2000"]
[Source "ChessBase"]
[SourceDate "1999.11.16"]
[SourceVersion "1"]
[SourceVersionDate "1999.11.16"]
[SourceQuality "1"]

1. e4 e5 2. Nf3 Nf6 3. Nc3 Bb4 4. Bc4 Nc6 5. d3 d6 6. 0-0 Bg4 7. Ne2 Bxf3 8. gxf3 Qd7 9. c3 Ba5 10. Kh1 Qh3 11. Ng1 Qh4 12. Qb3 0-0 13. Qxb7 Ne7 14. Be3 Rfb8 15. Qa6 Bb6 16. b4 Nh5 17. d4 d5 18. Bd3 Nf4 19. Rad1 Qg5 20. Bxf4 Qxf4 21. exd5 exd4 22. c4 c5 23. Rfe1 Bc7 24. Kg2 Rb6 25. Qa3 Ng6 26. Kf1 Qxh2 27. Re4 f5 28. bxc5 fxe4 29. cxb6 Nf4 30. bxc7 Qg2+ 31. Ke1 exd3 32. Nh3 Qxh3 33. Qe7 Qxf3 34. Qd8+ Kf7 35. Qd7+ Kg6 36. Qd6+ Kh5 37. Qe5+ g5 38. Qe7 Ng2+ 39. Kd2 Qxf2+ 40. Kxd3 1-0